000 00304cam a2200121ua 4500
041 _aeng
_h
082 _a334.01
_bCAL/LA
100 _aCalvert H, Mukherjee. B.B .
245 _aLaw and princuples at Co-operation /
_cCalvert.
_hTextual Documents
300 _a690 ; .
504 _a
999 _c11560
_d11560